Незнайома. Антологія ураїнської "жіночої" прози та есеїстики другої половини ХХ-початку ХХІ ст. (Запис № 17565)
[ простий вигляд ]
| 000 -Маркер запису | |
|---|---|
| Контрольне поле сталої довжини | 02639nam a22002657a 4500 |
| 003 - Належність контрольного номера | |
| Контрольне поле | Uzh_bibl |
| 008 - Кодовані дані | |
| Контрольне поле сталої довжини | 260429b |||||||| |||| 00| 0 ukr d |
| 020 ## - Індекс ISBN | |
| ISBN | 966-8522-42-7 |
| Ціна | 55.00 |
| 040 ## - Джерело каталогіз. | |
| Служба первин.кат. | укр. |
| 041 ## - Код мови видання | |
| Код мови оригіналу | українська |
| Код мови тексту | українська |
| 080 ## - Індекс УДК | |
| Індекс УДК | 821(477) |
| 090 ## - Шифри | |
| Поличний індекс | 821(477) |
| Авторський знак | Н 38 |
| 100 ## - Автор | |
| Автор | . |
| 245 ## - Назва | |
| Назва | Незнайома. Антологія ураїнської "жіночої" прози та есеїстики другої половини ХХ-початку ХХІ ст. |
| Відповідальність | Авт. проект, упоряд., вступ. слово, бібліограф. відом. та приміт. Василя Габора |
| Фізичний носій | Текст |
| 260 ## - Вихідні дані | |
| Місце видання | Львів |
| Видавництво | ЛА Піраміда |
| Дата видання | 2005 |
| 300 ## - Фізичний опис | |
| Обсяг | 600 с. |
| Тип одиниці | В опр. |
| 490 ## - Серія | |
| Назва серії | Серія "Приватна колекція" |
| 520 ## - Анотація | |
| Анотація | «Незнайома» - це унікальна книга в українському літературному просторі. У ній уперше об’єднано під однією обкладинкою прозу та есеїстику тридцяти добре відомих і малознаних українських письменниць-прозаїків та провідних літературознавців (і все про них), як тонко і глибоко відтворюють внутрішній світ української жінки, її світовідчуття та світосприйняття.<br/>В антології представлені яскраві зразки художньої прози та есеїстики (короткі романи, повісті, новели, попвідання, притчі, есе), у яких тісно переплелися вишукана естетика й філософічність, фантазія, еротика й містика. |
| 521 ## - Примітка про цільове призначення | |
| Примітка про цільове призначення | Для широкого кола читачів |
| 546 ## - Примітка про мову | |
| Примітка про мову | укр. |
| 650 ## - Тематичні рубрики | |
| Основна рубрика | Літературно-художнє видання |
| Хронологічна підрубрика | Періоди ХХ–ХХІ століть, а також окремі історичні й сучасні часові площини |
| Географічна підрубрика | Різні місця (переважно Україна, іноді узагальнений або уявний простір) |
| 653 ## - Ключові слова | |
| Ключові слова | Жінка |
| -- | Свідомість |
| -- | Почуття |
| -- | Ідентичність |
| -- | Містика |
| 655 ## - Термін індексування — жанр/форма | |
| Жанр/форма | Антологія (проза та есеїстика: оповідання, новели, повісті, короткі романи, притчі, есе) |
| Типове ділення | [Проза та есеїстика] |
| 942 ## - ADDED ENTRY ELEMENTS (KOHA) | |
| Джерело класифікації чи схема поличного розташування | |
| Koha item type | Книги |
| Статус вилучення | Статус втрати/відсутності | Джерело класифікації чи схема поличного розташування | Статус пошкодження | Тип обігу (не для випозичання) | Постійне розташування | Поточне розташування | Розташування у відділі | Дата надходження | Інвентарний номер | Total Checkouts | Повний (примірниковий) шифр зберігання | Штрих-код | Date last seen | Дата, для якої чинна ціна заміни | Тип одиниці (рівень примірника) |
|---|---|---|---|---|---|---|---|---|---|---|---|---|---|---|---|
| Публічна бібліотека | Публічна бібліотека | Абонемент | 29/04/2026 | 56389 | 821(477) | 20330 | 29/04/2026 | 29/04/2026 | Книги |